| 000 | 00685nam a2200253 4500 | ||
|---|---|---|---|
| 001 | 4548788 | ||
| 003 | BD-DhUL | ||
| 005 | 20141225181054.0 | ||
| 008 | 690714s1969 nyua b 001 0 eng | ||
| 010 | _a 71079282 | ||
| 040 |
_aDLC _cDLC _dDLC _dBD-DhUL |
||
| 082 | 0 | 0 |
_a575.21 _bCOE |
| 100 | 1 | _aCohn, Norman S. | |
| 245 | 1 | 0 |
_aElements of cytology _c Norman S. Cohn. |
| 250 | _a2d ed. | ||
| 260 |
_adelhi, _bfreeman, _c1969. |
||
| 300 |
_axvi, 495 p, : _bill, _c22 cm. |
||
| 350 | _a10.95 | ||
| 365 |
_ars _b95.00 |
||
| 504 | _aIncludes bibliographical references and index. | ||
| 650 | 0 | _aCytology. | |
| 906 |
_a7 _bcbc _corignew _du _encip _f19 _gy-gencatlg |
||
| 942 |
_2ddc _cBK |
||
| 999 |
_c24833 _d24832 |
||